Television Servicing Hand book / (Record no. 193639)

000 -LEADER
fixed length control field 00838 a2200157 4500
003 - CONTROL NUMBER IDENTIFIER
control field Nust
005 - DATE AND TIME OF LATEST TRANSACTION
control field 20221228171108.0
040 ## - CATALOGING SOURCE
Transcribing agency Nust
082 ## - DEWEY DECIMAL CLASSIFICATION NUMBER
Classification number 621.3880028,KIN
100 ## - MAIN ENTRY--PERSONAL NAME
Personal name Gordon J. King
9 (RLIN) 106087
245 ## - TITLE STATEMENT
Title Television Servicing Hand book /
Statement of responsibility, etc. Gordon J. King
260 ## - PUBLICATION, DISTRIBUTION, ETC.
Place of publication, distribution, etc. london
Name of publisher, distributor, etc. Billing and sons
Date of publication, distribution, etc. c1970
300 ## - PHYSICAL DESCRIPTION
Extent 357p;
505 ## - FORMATTED CONTENTS NOTE
Formatted contents note Introduction (Page-9), No Sound Vision (Page-16), No Raster (Page-23), No Sound Or Vision (Page-48), No Raster Sound (Page-69), Fault-Tracing (Page-83), Servicing The Time Base (Page-98), Synchronizing Faults (Page-134), Vision A.G.C Sys(Page-166), Picture Tube (Page-181), Receiver Alignment (Page-194), Miscellaneous Faults (Page-216), Colour Television (Page-238),Television In The U.H.F Bands (Page270),Dual Standard (Page-284),Transistor Television (Page-319).
942 ## - ADDED ENTRY ELEMENTS (KOHA)
Source of classification or shelving scheme
Koha item type Book
Holdings
Withdrawn status Lost status Source of classification or shelving scheme Damaged status Not for loan Permanent Location Current Location Shelving location Date acquired Full call number Barcode Date last seen Price effective from Koha item type Public note
          Military College of Signals (MCS) Military College of Signals (MCS) General Stacks 12/12/2016 621.3880028,KIN MCS6835 12/08/2016 12/12/2016 Book Almirah No.39, Shelf No.5
© 2023 Central Library, National University of Sciences and Technology. All Rights Reserved.